Les pays contenant entre 50 % et 60 % de chrétiens - Statistiques

Statistiques générales
  • Ce quiz a été pris 18 fois
  • Le résultat moyen est 3 sur 10
Statistiques - réponses
Hint Réponse % Correct
50,0 % Nigeria
59%
59,3 % Royaume-Uni
47%
59,6 % Tanzanie
29%
56,1 % Mozambique
24%
55,6 % Nouvelle-Zélande
24%
58,7 % Slovénie
24%
57,0 % Guyana
18%
52,0 % Bosnie-Herzégovine
12%
57,2 % Lettonie
12%
57,6 % Trinité-et-Tobago
6%
Aucun quiz correspondant
Distribution des résultats
% des personnes avec chaque résultat
Percentile par nombre de réponses
Votre historique - résultats
Vous n’avez pas pris ce quiz